[Event "5th EKA IIFL Investment 2019"]
[Site "Mumbai"]
[Date "2020.01.02"]
[Round "4.12"]
[White "Gupta, Abhijeet"]
[Black "Ameir, Moheb"]
[Result "1-0"]
[WhiteElo "2611"]
[BlackElo "2342"]
[Annotator "TA"]
[PlyCount "102"]
[EventDate "2019.12.30"]
[EventType "swiss"]
[EventCountry "IND"]
[SourceTitle "playchess.com"]
[Source "ChessBase"]
[SourceQuality "1"]

{[%evp 20,102,21,20,31,29,21,31,30,53,37,17,20,21,21,12,22,0,0,0,0,0,0,-9,0,0,-6,-33,-22,-16,-16,-20,-29,-32,-32,-28,-24,-22,-20,-21,0,0,0,-6,-7,-6,-8,-7,0,0,0,0,365,367,703,693,579,344,345,274,274,274,273,273,269,266,467,460,462,446,409,413,397,371,741,726,1262,1234,1133,1058,1605,878,718,4221,29970]} 1. d4 d5 2. c4 c6 3. Nf3 Nf6 4. Nc3 dxc4 5. a4 Bf5 6. Ne5 Nbd7 7. Nxc4 Qc7 8. g3 e5 9. dxe5 Nxe5 10. Bf4 Nfd7 11. Bg2 g5 {D17: Slav Defence: 5 a4 Bf5: Lines with 6 Nh4 and 6 Ne5} 12. Ne3 (12. Nxe5 gxf4 13. Nxd7 O-O-O 14. Qd4 Qxd7 15. Qxf4 Bd6 16. Qc1 Be5 17. O-O Qd2 18. Rd1 Qxc1 19. Raxc1 Rxd1+ 20. Nxd1 {1-0 (48) Yu,Y (2751)-Mamedov,R (2709) Huaian 2017}) 12... gxf4 13. Nxf5 O-O-O {White is slightly better.} 14. Qc2 ({Much weaker is} 14. gxf4 Nc5 $15) 14... Kb8 15. O-O-O Ng4 16. Ne4 Qe5 17. h3 Nh6 $1 {[%cal Rh6f5]} 18. Nxh6 Bxh6 19. gxf4 {Black should prevent e3.} Qg7 $146 ({Predecessor:} 19... Qxf4+) 20. Bf3 {Black must now prevent e3.} Bxf4+ 21. Kb1 f5 22. Rhg1 Qe7 23. Nc3 {[%cal Be4c3,Bc3e2,Be2d4][%mdl 32]} Qf6 24. e3 Bh2 25. Rh1 Bc7 26. Ne2 Ne5 27. Bg2 Rhg8 28. Rxd8+ Rxd8 29. Rd1 Ng6 30. Rxd8+ Bxd8 31. Nd4 f4 32. Qe4 fxe3 33. fxe3 a6 34. Qe8 Qd6 35. Be4 c5 $2 {[%mdl 8192] [#]} (35... Ne7 $11) 36. Ne6 $18 Qd1+ $2 (36... Ka7) 37. Ka2 Ka7 38. Nxd8 c4 39. Nc6+ bxc6 40. Qf7+ {[%mdl 64] [#] Double Attack} ({Inferior is} 40. Bxc6 Qb3+ 41. Kb1 Qd1+ 42. Ka2 Qb3+ 43. Kb1 Qd1+ 44. Ka2 $11) 40... Kb6 41. Qxc4 Qd6 42. Bd3 Ne5 $2 (42... Kc7) 43. Qxa6+ Kc7 44. Qa7+ Kd8 45. Qb6+ Ke7 46. Bxh7 Nc4 $2 (46... Qe6+ 47. Qb3 Qxh3 48. Qb4+ Ke8) 47. Qd4 {White is clearly winning.} Qb4 48. Bc2 c5 49. Qh4+ Kd7 50. Qg4+ Kc6 51. Bb3 Kd5 {Accuracy: White = 78%, Black = 45%.} 1-0

[Event "5th EKA IIFL Investment 2019"]
[Site "Mumbai"]
[Date "2020.01.02"]
[Round "4.13"]
[White "Nitin, S.."]
[Black "Aleksandrov, Aleksej"]
[Result "1-0"]
[WhiteElo "2329"]
[BlackElo "2592"]
[Annotator "TA"]
[PlyCount "97"]
[EventDate "2019.12.30"]
[EventType "swiss"]
[EventCountry "IND"]
[SourceTitle "playchess.com"]
[Source "ChessBase"]
[SourceQuality "1"]

{[%evp 9,97,14,22,22,27,14,19,14,35,0,0,0,1,-3,8,0,0,0,7,0,11,11,4,10,10,0,0,0,12,0,77,0,0,0,0,0,0,0,14,16,16,12,10,0,0,0,37,30,150,143,375,181,305,247,275,283,282,177,196,186,265,270,378,381,378,367,554,421,445,443,428,415,489,462,522,518,520,519,497,454,710,693,847,841,6731,2085,6279,1830,29974,4124]} 1. e4 e5 2. Nf3 Nc6 3. Nc3 Nf6 4. Bb5 Bd6 5. d3 O-O 6. O-O {C48: Four Knights: 4 Bb5, replies other than 4...Bb4} a6 7. Ba4 h6 8. a3 {The position is equal.} Re8 9. Ne2 (9. h3 Bf8 10. Be3 d6 11. Bb3 Be6 12. Bxe6 Rxe6 {½-½ (30) Nepomniachtchi,I (2776)-Tomashevsky,E (2718) Khanty-Mansiysk 2019}) 9... b5 10. Bb3 Bf8 11. Ng3 d5 $146 ({Predecessor:} 11... d6 12. c3 Be6 13. Bxe6 Rxe6 14. d4 {½-½ (36) Salgado Lopez,I (2630)-Pavasovic,D (2578) Spoleto 2011}) 12. exd5 Nxd5 13. Re1 Nf6 14. a4 {next axb5 is good for White.} Bb7 15. c3 Qd6 16. axb5 axb5 17. Rxa8 Rxa8 18. Qe2 b4 19. Bc4 Ra1 (19... Re8 $11) 20. Bd2 (20. Nf5 $16 Qc5 21. Be3) 20... Rxe1+ $11 21. Bxe1 bxc3 $1 22. bxc3 Nd7 23. Ne4 Qe7 24. Qa2 Nb6 25. Bb3 Nd8 26. Qa5 Nc6 27. Qa2 g6 28. Bd2 $36 {[%mdl 2048] Black is under pressure.} Kg7 {[#]} (28... Nd8 $11 {keeps the balance.}) 29. Bxf7 $1 $16 {[%mdl 512]} Qd7 $2 (29... Nd8 $16) (29... Qxf7 30. Bxh6+) 30. Bg8 (30. Bxg6 $142 {Bxh6+! is the strong threat.} Qd5 31. Qxd5 Nxd5 32. Be8) 30... g5 (30... Nd8 $142) 31. h3 Kh8 32. Be3 Bc8 33. d4 Bg7 {[%cal Re5d4]} 34. d5 Nd8 (34... Ne7 {was called for.}) 35. d6 $18 Bb7 36. Bxb6 cxb6 37. Bd5 Kh7 (37... Bxd5 {was worth a try.} 38. Qxd5 Qc6) 38. Qd2 Bc6 39. Qd3 {[#] Intending Nexg5+ and mate.} Kh8 40. c4 Qb7 41. Bxc6 Qxc6 42. h4 g4 43. Nh2 Qd7 44. Qd1 h5 (44... Qe6 $142 45. Nxg4 Qxc4) 45. Nf1 Ne6 46. Qd5 Nf4 47. Qa8+ Kh7 48. Nfg3 (48. Ng5+ $142 Kh6 49. Ng3) 48... Kg6 49. Ng5 {Accuracy: White = 68%, Black = 39%.} 1-0

[Event "5th EKA IIFL Investment 2019"]
[Site "Mumbai"]
[Date "2020.01.02"]
[Round "4.14"]
[White "Debashis, Das"]
[Black "Kulkarni, Vikramaditya"]
[Result "0-1"]
[WhiteElo "2523"]
[BlackElo "2328"]
[Annotator "TA"]
[PlyCount "100"]
[EventDate "2019.12.30"]
[EventType "swiss"]
[EventCountry "IND"]
[SourceTitle "playchess.com"]
[Source "ChessBase"]
[SourceQuality "1"]

{[%evp 16,100,27,35,21,31,35,26,33,25,42,18,56,57,64,58,48,10,11,-21,8,0,28,24,26,18,28,20,28,28,20,26,26,26,26,26,21,22,21,32,66,59,56,58,210,122,156,137,135,122,183,153,174,0,0,-6272,-6281,-6411,-6432,-6272,-6231,-6187,-6179,-6123,-5535,-2591,-2105,-2006,-1765,-2580,-2332,-29970,-29971,-29972,-29972,-29972,-29973,-29973,-29974,-29974,-29975,-29975,-29975,-29975,-29976,-29974,-29973]} 1. d4 e6 2. c4 f5 3. g3 Nf6 4. Bg2 c6 5. Nf3 d5 6. O-O Bd6 7. Nc3 O-O 8. Qc2 Ne4 9. Rb1 b6 {A90: Dutch Defence: Miscellaneous and Modern Stonewall (with ...Bd6)} (9... a5 10. a3 Qe7 11. c5 Bc7 12. Bf4 Bxf4 13. gxf4 Bd7 14. b4 Be8 15. Ne5 Nd7 16. Nd3 Ndf6 17. f3 Nxc3 18. Qxc3 {0-1 (44) Jakovenko,D (2704)-Vallejo Pons,F (2711) Doha 2016}) 10. b4 Bb7 11. c5 Bc7 {White has an edge.} 12. Nxe4 fxe4 13. Ng5 Qf6 14. Be3 h6 15. Nh3 Qf5 $146 ({Predecessor:} 15... Nd7 16. f3 exf3 17. Rxf3 {1-0 (70) Danada,O (1911)-Gaj,S (1821) Senica 2015}) 16. a4 Nd7 17. b5 {And now bxc6 would win.} Rac8 18. Nf4 g5 19. Bh3 g4 20. Bg2 bxc5 21. dxc5 cxb5 22. axb5 Nxc5 $1 23. Qxc5 ({Wrong is} 23. Bxc5 $2 Bb6 $19) 23... Bxf4 24. Qxa7 Bxe3 25. fxe3 Qh7 26. Rf4 $36 {[%mdl 2048] White has good play.} h5 27. Rbf1 {Black must now prevent Rxf8+.} Rxf4 28. exf4 Qd7 29. Qb6 Kg7 $2 (29... Kf7 $14) 30. Ra1 ({White should play} 30. Qd4+ $1 $18 Kg8 31. Qe5) 30... Rc7 31. Qd4+ Kg6 {[#]} 32. Qe5 $1 Qe7 (32... Qg7 $16) 33. b6 $18 Rd7 {intending ...Qf6.} 34. Rc1 $2 ({White should try} 34. e3 $18) 34... Qf6 $11 35. Rc7 $2 {[%mdl 8192]} (35. Qb8 $11) 35... Qxe5 $19 36. fxe5 Rxc7 37. bxc7 {[%mdl 4096] Endgame [#] KB-KB} e3 $1 38. Kf1 Kf5 39. Ke1 Kxe5 40. Kd1 Kd4 41. Kc2 Kc4 42. h3 Bc8 43. hxg4 hxg4 {Black mates.} 44. Kb2 Bb7 45. Kc2 Ba6 46. Kb2 e5 47. Kc2 Kc5 48. Kb3 Kd6 49. Kc2 Bb7 50. Kd3 Kxc7 {Accuracy: White = 43%, Black = 67%.} 0-1

[Event "5th EKA IIFL Investment 2019"]
[Site "Mumbai"]
[Date "2020.01.02"]
[Round "4.15"]
[White "Srijit, Paul"]
[Black "Rios, Cristhian Camilo"]
[Result "1-0"]
[WhiteElo "2318"]
[BlackElo "2505"]
[Annotator "TA"]
[PlyCount "77"]
[EventDate "2019.12.30"]
[EventType "swiss"]
[EventCountry "IND"]
[SourceTitle "playchess.com"]
[Source "ChessBase"]
[SourceQuality "1"]

{[%evp 15,87,15,70,56,51,58,58,63,56,19,23,17,17,16,31,11,139,158,148,156,163,145,145,135,148,133,129,116,143,135,189,88,109,110,154,122,118,114,123,106,125,125,190,191,249,254,273,268,264,260,252,254,269,258,287,288,295,295,353,365,387,377,370,318,462,471,532,528,504,523,514,535,899,892]} 1. e4 c5 2. Nf3 d6 3. d4 cxd4 4. Nxd4 Nf6 5. Nc3 a6 6. h3 e6 7. g4 h6 8. Bg2 g5 ({Better is} 8... Nc6 $11) 9. Be3 {B81: Sicilian Scheveningen: Keres Attack} Nbd7 10. Qe2 Ne5 11. O-O-O {White is slightly better.} ({Predecessor:} 11. f4 gxf4 12. Bxf4 Nfd7 13. O-O-O Qc7 14. Rhf1 {1-0 (48) Djukic,N (2538)-Damljanovic,B (2564) Petrovac 2015}) 11... Qc7 $146 (11... Nfd7 12. h4 Rg8 13. hxg5 hxg5 14. Kb1 b5 15. f4 gxf4 16. Bxf4 Bb7 {½-½ (56) Karjakin,S (2773)-Mamedyarov,S (2801) Saint Louis 2018}) 12. f4 gxf4 13. Bxf4 b5 14. Rhf1 Nfd7 15. Qf2 Bb7 {[#]} (15... Rh7 $11 {keeps the balance.}) 16. Bxe5 $1 $16 {[%mdl 64] Discovered Attack, Overworked Piece} Nxe5 17. Qf6 $36 {[%mdl 2048] Keeping Black busy.} Rh7 {[#]} 18. Nxe6 $1 {[%mdl 512]} fxe6 19. Qxf8+ {[%mdl 64] Double Attack} Kd7 20. Qf6 Qc5 21. Rf5 {aiming for Rxe5.} Qe3+ 22. Kb1 Nc4 23. Rf2 (23. b3 $18 Nd2+ 24. Kb2) 23... Qg5 24. Qd4 {Strongly threatening b3.} Qe5 25. b3 Qxd4 26. Rxd4 Ne5 27. Rfd2 Nf7 28. a4 bxa4 (28... Bc6 $16 {keeps fighting.} 29. Bf1 Rb8) 29. Nxa4 $18 {And now Nb6+ would win.} Kc7 (29... Rb8 $142 30. Nc5+ Ke7) 30. e5 Bxg2 31. exd6+ ({Weaker is} 31. Rxg2 Nxe5 32. Rg3 d5 $14) 31... Nxd6 32. Rxg2 ({Don't take} 32. Rxd6 $6 Bxh3 33. Nc5 (33. Rxe6 Bxg4 34. Rg6 h5 $16) 33... Bxg4 $16) 32... e5 33. Rd5 Re7 34. Re2 e4 35. Rc5+ Kb7 36. Rh5 e3 37. Rxh6 Ne4 38. Kb2 Ng3 39. Nc5+ {Played: Re2-e1} 1-0

[Event "5th EKA IIFL Investment 2019"]
[Site "Mumbai"]
[Date "2020.01.02"]
[Round "4.16"]
[White "Pranav, Anand"]
[Black "Nigmatov, Ortik"]
[Result "0-1"]
[WhiteElo "2309"]
[BlackElo "2474"]
[Annotator "TA"]
[PlyCount "108"]
[EventDate "2019.12.30"]
[EventType "swiss"]
[EventCountry "IND"]
[SourceTitle "playchess.com"]
[Source "ChessBase"]
[SourceQuality "1"]

{[%evp 15,108,0,0,-1,6,0,0,0,54,44,54,57,58,58,60,42,70,25,19,12,19,33,31,38,39,22,47,12,37,19,11,-14,0,-16,0,-3,14,0,0,0,-27,-49,0,-32,0,-50,-39,-55,-31,-125,-120,-129,-125,-142,-142,-152,-95,-195,-146,-230,-100,-96,-94,-110,-83,-170,-43,-163,-45,-64,-37,-41,0,-25,-22,-22,-21,-45,-18,-18,-18,-18,-18,-18,-20,-10,-20,-35,0,0,0,-22,0,-22,0]} 1. d4 Nf6 2. c4 e6 3. Nc3 Bb4 4. e3 O-O 5. Bd2 d5 6. Nf3 b6 7. cxd5 exd5 8. Bd3 Bb7 9. Rc1 {E52: Nimzo-Indian: Rubinstein: 4...0-0 5 Nf3 d5 6 Bd3 b6} a6 10. O-O Nbd7 11. Ne5 Bd6 (11... Nxe5 $11 12. dxe5 Nd7) 12. f4 $14 Ne4 13. Nxe4 dxe4 14. Bc4 Nf6 15. Qb3 {[%cal Re5f7]} Qe7 16. Be1 b5 17. Bh4 {[#]} Rab8 $146 ({Predecessor:} 17... Ra7 18. Be2 {1-0 (103) Li,C (2722)-Neiksans,A (2599) Chartres 2017}) 18. Be2 Qe8 19. Bxf6 gxf6 20. Ng4 Kg7 $1 21. Qc3 Bd5 (21... f5 {seems wilder.} 22. Nf2 Bd5 23. Nh1 Qe6 24. Ng3 Rb6) 22. Nf2 f5 23. Qa5 Qe7 24. a3 (24. Qxa6 Rb6 $17) 24... Rfc8 25. Qd2 ({Not} 25. Qxa6 $2 Ra8 $19) 25... f6 26. Nd1 Kh8 27. Nc3 Bf7 28. a4 {[%cal Ra4b5]} c6 29. Ra1 Bb4 30. Rfc1 c5 31. axb5 axb5 32. d5 (32. dxc5 $15 Qxc5 33. Qd4 Qxd4 34. exd4) 32... c4 $17 33. Ra6 Rd8 34. Rca1 Bc5 $1 35. Kf2 Kg7 (35... b4 $142 36. Na4 Rxd5) 36. g3 (36. Qe1 $17) 36... Rb7 $19 ({Don't play} 36... b4 37. Na4 $17) 37. R1a5 (37. d6 $17 {was called for.}) 37... Bb4 (37... b4 $19 38. Na4 Rxd5) 38. Ra1 $17 Rbd7 39. Qc1 Rb8 40. R1a2 (40. Qc2 $17 {might work better.}) 40... Rbb7 (40... Bxd5 $19 {...Qc5 is the strong threat.} 41. Ra1 Qd8) 41. Qd2 {[#]} (41. g4 $15) 41... Bxc3 (41... Bc5 $1 $19 {White must now prevent ...b4.} 42. R2a5 b4) 42. bxc3 $15 {Black should prevent d6.} Rxd5 (42... Bxd5 $5 {[%cal Rb5b4]} 43. Rb2 {[#]} Bc6 $1 $15 {[%mdl 512]}) 43. Qc1 Qd7 44. Qa3 Qc7 45. Rb2 Qc5 46. Qa5 h6 47. h3 h5 48. h4 Rdd7 49. Ra2 Qe7 50. Rb2 Rd5 {And now ...b4 would win.} 51. Qa1 Rd6 52. Ra5 {The position is equal.} Rdb6 53. Rb4 Qc5 54. Qd1 Rd6 {[%mdl 32768] Accuracy: White = 39%, Black = 42%. . Loss on time!?} 0-1

[Event "5th EKA IIFL Investment 2019"]
[Site "Mumbai"]
[Date "2020.01.02"]
[Round "4.17"]
[White "Samant, Aditya S"]
[Black "Nguyen, Van Huy"]
[Result "0-1"]
[WhiteElo "2309"]
[BlackElo "2457"]
[Annotator "TA"]
[PlyCount "110"]
[EventDate "2019.12.30"]
[EventType "swiss"]
[EventCountry "IND"]
[SourceTitle "playchess.com"]
[Source "ChessBase"]
[SourceQuality "1"]

{[%evp 18,110,23,20,25,24,29,32,43,27,29,38,39,34,47,0,0,-12,60,72,48,62,56,25,33,16,19,-8,1,-48,-30,-81,-73,-72,-70,-101,-92,-91,-77,-77,-77,-70,-81,-68,-54,-112,-87,-87,-85,-98,-87,-129,-89,-113,-100,-203,-112,-231,-207,-207,-203,-274,-252,-268,-268,-262,-250,-493,-492,-449,-454,-547,-650,-627,-627,-932,-967,-917,-910,-1062,-1015,-1370,-1521,-1058,-927,-29972,-29971,-29967,-29968,-29974,-29974,-29987,-29988,-29988,-29989]} 1. e4 c6 2. d4 d5 3. Nc3 ({Predecessor:} 3. Nd2 dxe4 {½-½ (56) Doric,N-Coyne,D (2325) ICCF email 2015}) 3... dxe4 4. Nxe4 Bf5 5. Ng3 Bg6 6. h4 h6 7. Nf3 e6 8. Ne5 Bh7 9. Bd3 Bxd3 10. Qxd3 Nd7 {B19: Classical Caro-Kann: 4...Bf5 main line} 11. f4 $146 (11. Bf4 Nxe5 12. Bxe5 Qa5+ 13. c3 Nf6 14. Qe2 Nd7 15. Bf4 Be7 16. Ne4 Nf6 17. Nxf6+ Bxf6 18. h5 Bxd4 {½-½ (69) Saric,I (2690)-Eljanov,P (2680) chess.com INT 2019}) 11... Bb4+ 12. c3 Be7 {White is slightly better.} 13. Bd2 Ngf6 14. O-O-O O-O 15. Qf3 Qc7 16. Ne2 h5 17. g4 Nxg4 (17... hxg4 $11 18. Nxg4 Qa5) 18. Nxg4 $14 hxg4 19. Qxg4 f5 20. Qg6 Rf6 21. Qg2 Rh6 22. Rdg1 {[%csl Gg1][%cal Rg2g7] [#]} (22. Ng1 {seems wilder.} Qa5 23. Kb1 Qd5 24. Nf3 Nf6 25. Rdg1) 22... Bf8 23. Qf3 Nf6 24. h5 (24. Kb1 $11 {keeps the balance.}) 24... Qa5 $36 {[%mdl 2048] Black is on the roll.} 25. Kb1 Qd5 26. Qxd5 cxd5 27. Rg6 Kf7 28. Rxh6 gxh6 29. Nc1 Bd6 30. Nd3 Rg8 31. Rh2 ({White should try} 31. Ne5+ $15 Kf8 32. Ng6+ Kg7 33. Ne5) 31... Rg1+ 32. Kc2 Ng4 33. Rh3 Rg2 34. Kd1 b5 35. Ke1 a5 36. Kd1 (36. Ne5+ $17 {was worth a try.} Bxe5 37. fxe5) 36... a4 (36... Nf2+ $19 37. Nxf2 Rxf2) 37. b3 (37. Ne1 $17 Rg1 38. Ke2) 37... Nf2+ 38. Nxf2 Rxf2 39. bxa4 bxa4 $19 {[%mdl 4096] Endgame KRB-KRB} 40. Ke1 Rg2 41. Kd1 Rg4 42. Kc2 $2 {[#]} (42. Ke2) 42... Bxf4 43. Bxf4 Rxf4 {KR-KR} 44. Kb2 Rf2+ 45. Ka3 f4 46. Rh4 Kf6 47. Rg4 Kf5 48. Rg6 f3 49. Rxh6 Rh2 50. Rh8 f2 51. Kxa4 Ke4 {Black mates.} 52. Rf8 Ke3 53. Rf6 Rxh5 54. Rxe6+ Kf4 55. Rf6+ Rf5 {Accuracy: White = 30%, Black = 69%.} 0-1

[Event "5th EKA IIFL Investment 2019"]
[Site "Mumbai"]
[Date "2020.01.02"]
[Round "4.18"]
[White "Senthil, Maran K"]
[Black "Koustav Chatterjee"]
[Result "1/2-1/2"]
[WhiteElo "2305"]
[BlackElo "2447"]
[Annotator "TA"]
[PlyCount "80"]
[EventDate "2019.12.30"]
[EventType "swiss"]
[EventCountry "IND"]
[SourceTitle "playchess.com"]
[Source "ChessBase"]
[SourceQuality "1"]

{[%evp 13,80,0,0,-14,0,0,0,-7,0,-5,-7,-6,-14,-14,-11,0,-8,-16,-14,-15,49,69,62,50,70,76,97,92,100,101,87,87,81,82,80,72,77,78,74,70,62,67,68,68,52,32,41,37,53,53,53,17,39,0,0,0,0,0,0,0,0,0,0,0,0,0,0,0,0]} 1. d4 Nf6 2. c4 e6 3. g3 ({Predecessor:} 3. Nf3 d5 4. g3 Bb4+ 5. Nc3 O-O {½-½ (26) Yankelevich,L (2462)-Krykun,Y (2342) Skopje 2019}) 3... d5 4. Bg2 Bb4+ 5. Nc3 O-O 6. Nf3 dxc4 7. O-O Nc6 8. Qa4 {E20: Nimzo-Indian: 4 g3 and 4 f3} Nd5 9. Qc2 Be7 10. Rd1 $1 Rb8 $146 (10... Ncb4 11. Qd2 Rb8 12. Ne5 Nb6 13. a3 N4d5 14. e4 Nxc3 15. Qxc3 Bd7 16. Nxc4 Nxc4 17. Qxc4 {1-0 (70) Dubov,D (2700)-Anand,V (2764) Paris 2019}) 11. e4 Ncb4 12. Qd2 Nxc3 13. Qxc3 b5 $1 14. b3 Bb7 15. Ne1 cxb3 16. axb3 Nc6 (16... Ra8 $11) 17. Bb2 $14 Bb4 18. Qe3 {[#] Strongly threatening d5.} Bxe1 19. Qxe1 Ne7 20. Rxa7 Nc8 21. Raa1 Nd6 22. d5 exd5 23. Qc3 {[%csl Gb2][%cal Rc3g7] [#]} f6 24. exd5 Qd7 25. Rac1 Rf7 26. Re1 Re8 27. Ba3 Rxe1+ 28. Rxe1 Re7 29. Re3 h6 30. Bb4 Qe8 31. Rxe7 Qxe7 32. Ba5 Ne4 33. Qd4 f5 $1 {The position is equal.} 34. g4 Qf6 35. Qd1 Qe5 36. gxf5 Qxf5 37. Qf3 Qxd5 38. Qxe4 Qxe4 39. Bxe4 Bxe4 40. Bxc7 Kf7 {Accuracy: White = 77%, Black = 54%.} 1/2-1/2

[Event "5th EKA IIFL Investment 2019"]
[Site "Mumbai"]
[Date "2020.01.02"]
[Round "4.19"]
[White "Rahman, Ziaur"]
[Black "Thakur, Akash"]
[Result "1/2-1/2"]
[WhiteElo "2440"]
[BlackElo "2300"]
[Annotator "RC"]
[PlyCount "86"]
[EventDate "2019.12.30"]
[EventType "swiss"]
[EventCountry "IND"]
[SourceTitle "playchess.com"]
[Source "ChessBase"]
[SourceQuality "1"]
[TimeControl "40/5400+30:1800+30"]

1. Nf3 {[%emt 0:00:00]} d5 {[%emt 0:00:00]} 2. c4 {[%emt 0:00:15]} c6 {[%emt 0:00:08]} 3. e3 {[%emt 0:00:44]} Nf6 {[%emt 0:00:20]} 4. d4 {[%emt 0:00:14]} g6 {[%emt 0:01:02]} 5. Nc3 {[%emt 0:00:07]} Bg7 {[%emt 0:00:23]} 6. Be2 {[%emt 0:00:06]} O-O {[%emt 0:00:39]} 7. O-O {[%emt 0:00:05]} e6 {[%emt 0:02:54]} 8. b4 {[%emt 0:00:51]} Re8 {[%emt 0:04:48]} 9. Bb2 {[%emt 0:02:03]} Nbd7 {[%emt 0:05:25]} 10. Qb3 {[%emt 0:04:52]} b6 {[%emt 0:13:19]} 11. a4 {[%emt 0:07:16]} Bb7 {[%emt 0:01:45]} 12. Rfd1 {[%emt 0:03:59]} Qe7 {[%emt 0:20:17]} 13. Ba3 {[%emt 0:08:40]} dxc4 {[%emt 0:13:09]} 14. Bxc4 {[%emt 0:03:38]} a6 {[%emt 0:00:13]} 15. b5 {[%emt 0:04:27]} c5 {[%emt 0:00:56]} 16. bxa6 {[%emt 0:01:29]} Bxa6 {[%emt 0:00:09]} 17. Bxa6 {[%emt 0:00:26]} Rxa6 {[%emt 0:08:40]} 18. Nb5 {[%emt 0:01:39]} Ra5 19. Nd2 Rea8 {[%emt 0:05:17]} 20. Nc3 {[%emt 0:07:46]} Nd5 {[%emt 0:02:21]} 21. Nde4 {[%emt 0:03:10]} Qh4 {[%emt 0:11:28]} 22. g3 {[%emt 0:06:58]} Qg4 {[%emt 0:03:00]} 23. Kg2 {[%emt 0:02:39]} Nxc3 {[%emt 0:03:09]} 24. Nxc3 {[%emt 0:04:55]} cxd4 {[%emt 0:01:16]} 25. h3 {[%emt 0:00:46]} Qf5 {[%emt 0:01:01]} 26. exd4 {[%emt 0:00:02]} h5 {[%emt 0:00:21]} 27. Bb4 {[%emt 0:00:27]} R5a7 {[%emt 0:00:33]} 28. Nb5 {[%emt 0:01:26]} Qe4+ {[%emt 0:00:49]} 29. Kg1 {[%emt 0:00:02]} Ra6 {[%emt 0:00:31]} 30. Nc7 {[%emt 0:01:10]} Bxd4 {[%emt 0:00:07]} 31. Rxd4 {[%emt 0:03:31]} Qxd4 {[%emt 0:00:41]} 32. Rd1 {[%emt 0:00:01]} Nc5 {[%emt 0:00:19]} 33. Bxc5 {[%emt 0:00:21]} Qxc5 34. Nxa6 {[%emt 0:02:42]} Rxa6 {[%emt 0:00:08]} 35. Rd8+ {[%emt 0:01:12]} Kg7 {[%emt 0:00:01]} 36. Qb2+ {[%emt 0:01:30]} e5 {[%emt 0:00:21]} 37. Qb3 {[%emt 0:00:20]} Ra7 {[%emt 0:01:29]} 38. Rd5 {[%emt 0:00:12]} Qc6 {[%emt 0:01:08]} 39. Rb5 {[%emt 0:00:00]} Qc1+ {[%emt 0:00:00]} 40. Kg2 {[%emt 0:00:00]} Qc6+ {[%emt 0:00:00]} 41. Kh2 Ra5 42. Rxb6 {[%emt 0:06:35]} Qxa4 {[%emt 0:04:07]} 43. Qf3 {[%emt 0:01:13]} Qe8 {[%emt 0:05:21]} 1/2-1/2